000 00556nam a2200193Ia 4500
008 151121s9999||||xx |||||||||||||| ||und||
082 _a818/पंडित
082 _bHNW-70102
100 _aपंडित नलिनी
245 _aआंबेडकर
260 _b"ग्रंथाली, मुंबई।"
260 _c--
300 _a270
600 _aपंडित नलिनी
630 _aआंबेडकर
700 _aपंडित नलिनी
730 _aआंबेडकर
942 _cBOOK
999 _c1251577
_d1251574